Tutankhamun knew the names of the two great gods : d̲t and nḥḥ as fundamental concepts of pharaonic ideology /
'Tutankhamun Knew the Names of the Two Great Gods' offers a new interpretation of the terms Dt and nHH as fundamental concepts of Pharaonic ideology, terms that, until now, have often been treated as synonyms reflecting notions related to the vastness of time.
المؤلف الرئيسي:
التنسيق: كتاب الكتروني
اللغة: English
منشور في:
Oxford :
Archaeopress Publishing Ltd,
2022.
سلاسل:
Archaeopress Egyptology ;
38.
الموضوعات:
الوصول للمادة أونلاين: Login to view Source
الوسوم: إضافة وسم
رقم الطلب: BL2441.3
| LEADER | 01872nam a2200409 i 4500 | ||
|---|---|---|---|
| 001 | EDZ0002710633 | ||
| 003 | StDuBDS | ||
| 005 | 20230412183128.0 | ||
| 006 | m|||||o||d|||||||| | ||
| 007 | cr ||||||||||| | ||
| 008 | 220222s2022 enka fob 001|0|eng|d | ||
| 020 | |a 9781789699869 (PDF ebook) : |c No price | ||
| 040 | |a StDuBDS |b eng |c StDuBDS |e rda |e pn | ||
| 050 | 4 | |a BL2441.3 | |
| 082 | 0 | 4 | |a 299.31 |2 23 |
| 100 | 1 | |a Gregory, Steven R. W., |e author. | |
| 245 | 1 | 0 | |a Tutankhamun knew the names of the two great gods : |b d̲t and nḥḥ as fundamental concepts of pharaonic ideology / |c Steven R.W. Gregory. |
| 264 | 1 | |a Oxford : |b Archaeopress Publishing Ltd, |c 2022. | |
| 300 | |a 1 online resource (ix, 181 pages) : |b illustrations (black and white, and colour). | ||
| 336 | |a text |2 rdacontent | ||
| 336 | |a still image |2 rdacontent | ||
| 337 | |a computer |2 rdamedia | ||
| 338 | |a online resource |2 rdacarrier | ||
| 490 | 1 | |a Archaeopress Egyptology ; |v 38 | |
| 500 | |a Also issued in print: 2022. | ||
| 504 | |a Includes bibliographical references and index. | ||
| 506 | 0 | |a Open access. | |
| 520 | 8 | |a 'Tutankhamun Knew the Names of the Two Great Gods' offers a new interpretation of the terms Dt and nHH as fundamental concepts of Pharaonic ideology, terms that, until now, have often been treated as synonyms reflecting notions related to the vastness of time. | |
| 521 | |a Specialized. | ||
| 588 | |a Description based on online resource; title from PDF title page (viewed on June 8, 2022). | ||
| 651 | 0 | |a Egypt |x Religion. | |
| 776 | 0 | 8 | |i Print version : |z 9781789699852 |
| 830 | 0 | |a Archaeopress Egyptology ; |v 38. | |
| 856 | 4 | 0 | |3 Archaeopress |u http://library.arce.org:8087/Archaeopress/Products/9781789699852 |
| 942 | |2 lcc |c EBOOK | ||
| 952 | |0 0 |1 0 |4 0 |6 BL24413 |7 1 |9 46852 |a ARCH |b ARCH |d 2023-04-12 |l 0 |o BL2441.3 |r 2023-04-12 00:00:00 |w 2023-04-12 |y EBOOK | ||
| 999 | |c 52510 |d 52510 | ||
